| 000 | 00612nam a22001817a 4500 | ||
|---|---|---|---|
| 005 | 20171212121303.0 | ||
| 010 | _aENG-121845 | ||
| 020 | _c200.00 | ||
| 035 | _aEN-105377 | ||
| 037 | _bDBAD/PUB | ||
| 082 | _a551.483 | ||
| 245 |
_aRivers of bengal / _ccompilation by Kumud Ranjan Biswas |
||
| 260 |
_aKolkata _bWest Bengal District Gazetteers(Higher Education Department) _c2002 |
||
| 270 |
_aGovt of West Bengal, Bikash Bhavan, North Block,8th Floor Salt Lake City _bKolkata _e700091 |
||
| 300 |
_axl,294p. _c21cm(Hb) |
||
| 700 | _aBiswas, Kumud Ranjan | ||
| 942 |
_2ddc _cEN _h551.483 _mRIV |
||
| 999 |
_c147957 _d147957 |
||